banner-ar

تاثيرات عربية فى روايات اسبانية : (Record no. 65508)

MARC details
000 -الفاتح
حقل البيانات ثابتة الطول 01070nam a22002417a 4500
005 - وقت وتاريخ اخر تعامل مع التسجيلة
رقم الضبط 20240530110828.0
008 - عناصر البيانات ثابتة الطول - معلومات عامة
حقل البيانات ثابتة الطول 161122s2009 ua g 000 e a d
017 ## - رقم الايداع القانونى
رقم الايداع القانونى 2008/19276
المصدر ( الهيئة المختصة) مصر. دار الكتب
020 ## - الرقم الدولى المعيارى للكتب
الرقم الدولى المعيارى للكتاب 9774274148
040 ## - مصدر الفهرسة
وكالة الفهرسة الأصلية EG-CaGPL
وكالة النسخ EG-CaGPL
082 04 - رقم تصنيف ديوى العشرى
رقم الطبعة 21
رقم التصنيف 809/
رقم المادة ع ت
245 10 - بيان العنوان
العنوان تاثيرات عربية فى روايات اسبانية :
بقية العنوان دراسات فى الادب المقارن /
بيان المسئوليه,etc ترجمة وقدم لها عبداللطيف عبدالحليم ( ابو همام مستعار )
250 ## - بيان الطبعة
بيان الطبعة ط.1
260 ## - PUBLICATION, DISTRIBUTION, ETC. (IMPRINT)
تاريخ النشر أو التوزيع 2009 .
300 ## - الوصف المادى
التعداد 166 ص. ،
أبعاد الوعاء 24 سم .
650 07 - المدخل الاضافى بالموضوع-مصطلح موضوعى
مصدر الرأس أو المصطلح qrmak
مصطلح موضوعي الادب المقارن
650 07 - المدخل الاضافى بالموضوع-مصطلح موضوعى
مصدر الرأس أو المصطلح qrmak
مصطلح موضوعي الادب المقارن
التقسيم الفرعي العام الاسبانى والعربى
650 07 - المدخل الاضافى بالموضوع-مصطلح موضوعى
مصدر الرأس أو المصطلح qrmak
مصطلح موضوعي الادب المقارن
التقسيم الفرعي العام العربى والاسبانى
651 ## - المدخل الاضافى بالموضوع - اسم جغرافى
مصدر الرأس أو المصطلح qrmak
700 0# - المدخل الاضافى - اسم شخصى
الإسم الشخصى عبداللطيف عبدالحليم ( ابو همام مستعار )
الدور مترجم
942 ## - عناصر المدخل الإضافي( كوها)
مصدر التصنيف او مخطط الترفيف Dewey Decimal Classification
Koha [default] item type كتاب
260 ## - PUBLICATION, DISTRIBUTION, ETC. (IMPRINT)
-- القاهرة :
-- الدار المصرية اللبنانية،
Holdings
حالة التراجع حالة الفقد حالة تلف ليس للاعارة المكان المؤقت الموقع الحالى موقع الترفيف تاريخ الاكتساب اجمالي اﻻعارات رقم الطلب الباركود تاريخ اخر مشاهدة تاريخ تفعيل السعر نوع وعاء كوها
        مكتبة القاهرة الكبرى مكتبة القاهرة الكبرى القاعة الرئيسية 08/26/2019   809\ ع ت 166400 08/26/2019 08/26/2019 كتاب

Powered By

EGPV